Govt. of
Madhya Pradesh

मंजूषा (Record no. 66052)

MARC details
000 -LEADER
fixed length control field 00411nam a22001577a 4500
003 - CONTROL NUMBER IDENTIFIER
control field macl
005 - DATE AND TIME OF LATEST TRANSACTION
control field 20230328124021.0
008 - FIXED-LENGTH DATA ELEMENTS--GENERAL INFORMATION
fixed length control field 230328b |||||||| |||| 00| 0 eng d
040 ## - CATALOGING SOURCE
Transcribing agency macl
050 ## - LIBRARY OF CONGRESS CALL NUMBER
Classification number 891.433/PRE
100 ## - MAIN ENTRY--PERSONAL NAME
Personal name Amratray
9 (RLIN) 81867
245 ## - TITLE STATEMENT
Title मंजूषा
260 ## - PUBLICATION, DISTRIBUTION, ETC. (IMPRINT)
Place of publication, distribution, etc. दिल्ली
Name of publisher, distributor, etc. हंस प्रकाशन
Date of publication, distribution, etc. 2021
650 ## - SUBJECT ADDED ENTRY--TOPICAL TERM
Topical term or geographic name as entry element कहानिया
942 ## - ADDED ENTRY ELEMENTS (KOHA)
Source of classification or shelving scheme
Koha item type Hindi Books
Holdings
Withdrawn status Lost status Source of classification or shelving scheme Damaged status Not for loan Home library Current library Date acquired Cost, normal purchase price Total Checkouts Barcode Date last seen Date last checked out Price effective from Koha item type
          MACL MACL 28/03/2023 110.00 1 DPI003225 30/07/2025 17/07/2025 28/03/2023 Hindi Books